La sociología urbana francesa y la evolución de las políticas urbanas de los años 1960 a los años 1980: ¿porosidades, impermeabilidades o afinidades electivas? (Record no. 172884)

MARC details
000 -CABECERA
campo de control de longitud fija 02200nab a2200301 a 4500
005 - FECHA Y HORA DE LA ÚLTIMA TRANSACCIÓN
campo de control 20210219162248.0
008 - ELEMENTOS DE LONGITUD FIJA--INFORMACIÓN GENERAL
campo de control de longitud fija 991125s1985 mx 000 0 spa u
035 ## - NÚMERO DE CONTROL DEL SISTEMA
Número de control de sistema UPN01000200783
049 ## - COLECCIÓN
Colección ART-E
100 1# - ASIENTO PRINCIPAL--NOMBRE PERSONAL
Nombre de persona Busquet, Grégory
100 1# - ASIENTO PRINCIPAL--NOMBRE PERSONAL
Filiación gbusquet@u-paris10.fr
222 00 - TÍTULO CLAVE
Título clave EMPIRIA :
Información calificativa REVISTA DE METODOLOGIA DE LAS CIENCIAS SOCIALES
245 03 - MENCIÓN DE TÍTULO
Título La sociología urbana francesa y la evolución de las políticas urbanas de los años 1960 a los años 1980: ¿porosidades, impermeabilidades o afinidades electivas?
260 ## - PUBLICACIÓN, DISTRIBUCIÓN, ETC.
Lugar de publicación, distribución, etc. España
300 ## - DESCRIPCIÓN FÍSICA
Extensión 121-136
362 0# - FECHAS DE PUBLICACIÓN Y/O DESIGNACIÓN SECUENCIAL
Fecha de publicación y/o designación secuencial 2014 No. 27, ene.-abr.
336 ## - TIPO DE CONTENIDO
Término de tipo de contenido texto$2rdacontent
337 ## - TIPO DE MEDIO
Nombre/término del tipo de medio computadora$2rdamedia
338 ## - TIPO DE SOPORTE
Nombre/término del tipo de soporte recurso en linea$2rdacarrier
520 3# - NOTA DE RESUMEN, ETC.
Sumario, etc. La sociología urbana francesa se desarrolló conjuntamente a las políticas urbanas francesas desde los años 1960. Cuando estas políticas concebían el hecho urbano en su carácter global, la sociología hacía lo mismo. Cuando a %nales de los años 1970 la sociología se orienta de nuevo sobre la escala local, el urbanismo hace otro tanto. Esta doble evolución se realiza por una amalgama de actores que va de la «segunda izquierda» a los sociólogos marxistas, pasando por los movimientos sociales urbanos y por las ideas que estos transportan, como la relativamente nueva de participación o las más antiguas del carácter mixto del alojamiento (versus la segregación) o del «espacialismo». De este modo, asistimos a una despolitización progresiva de la disciplina y más ampliamente de la cuestión urbana y de la cuestión social, lo que denota un cambio en los usos sociales de la sociología urbana y en la relación de los sociólogos con el poder. Si las ideas que guían las políticas urbanas, la manera de ver y de entender las sociedades urbanas, permanecen iguales, sólo varía la cuestión de la escala y la visión política se diluye.
653 0# - TERMINO DE INDIZACION - NO CONTROLADO
Término no controlado SOCIOLOGIA URBANA
653 0# - TERMINO DE INDIZACION - NO CONTROLADO
Término no controlado PLANIFICACION URBANA
653 0# - TERMINO DE INDIZACION - NO CONTROLADO
Término no controlado POLITICA URBANA
653 0# - TERMINO DE INDIZACION - NO CONTROLADO
Término no controlado MOVIMIENTOS SOCIALES
856 4# - LOCALIZACIÓN Y ACCESO ELECTRÓNICOS
Identificador Uniforme del Recurso <a href="http://e-spacio.uned.es/revistasuned/index.php/empiria/article/view/10865/10972">http://e-spacio.uned.es/revistasuned/index.php/empiria/article/view/10865/10972</a>
905 ## - TIPO DE MATERIAL
Tipo de material Articulo

No items available.